MDQL
is popping MORE tags! Check the
thread
!
Quizzes
Events
Quiz Creation
Community
Videos
Private Events
Remove Ads
Sign In
Join for FREE
Feedback
Dark Mode
Quiz Categories
Sports
Geography
Music
Movies
Television
Just For Fun
Miscellaneous
History
Literature
Language
Science
Gaming
Entertainment
Religion
Holiday
For Kids
Quiz Lab
Recent
Popular Today
Quiz Kudos Today
Editor Picks
Curator Picks
Quizzes by...
Day
Popularity
Type
Ratings
Length
Year
Community
Subscriptions
Recent Discussions
Orange Saloon
Badges
Playlists
Quests
Create
Leaderboards
Showdown
Live 5
Trivia Bingo
Activity
Puzzle Library
Sporcle Events
Private Events
Virtual Trivia
Globe League
Become a Host
Pub Owners
SporcleCon
Opinionation
Our Games
Videos
Blog
Mobile Apps
Partnerships
Remove Ads and Go Orange
Feedback
Sports
Athletes
MLB
NBA
NHL
NFL
Soccer
Sports Teams
WWE
NCAA
Football
Premier League
Basketball
Baseball
Hockey
Golf
Tennis
Cricket
Rugby
Auto Racing
Olympics
World Cup
Sports
Athletes
MLB
NBA
NHL
NFL
Soccer
Sports Teams
WWE
NCAA
Football
Premier League
Basketball
Baseball
Hockey
Golf
Tennis
Cricket
Rugby
Auto Racing
Olympics
World Cup
Random Quiz
Search Sporcle
×
Quiz Lab
Quiz Lab
Sports
NFL
Type in answers that appear in a list
Type in answers that appear in a list
Classic
Best Score? Go Orange.
FSU players taken in the NFL Draft since 1964 Stats
Can you name every FSU player taken in the NFL Draft since the 1964?
By
CamMellor
20m
164 Questions
207 Plays
207 Plays
207 Plays
Comments
Comments
Give Quiz Kudos
Give Quiz Kudos
-
- Ratings
hide this ad
Wrong Answers
Some wrong answers will appear in red
Some wrong answers will appear in red
Replay
Link that replays current quiz
Next Quiz
Link to next quiz in quiz playlist
You Got
0%
They Got
Avg Score
58%
Avg Friend Score
Upgrade to see
Score Distribution
Jump to the score distribution portion of the page
Score
0/164
Timer
20:00
0
Plays Today
YEAR
PLAYER
% Correct
2014
???
93.2%
1989
???
92.7%
2015
???
92.7%
1998
???
92.2%
1999
???
92.2%
2013
???
91.7%
2015
???
91.7%
2015
???
91.7%
2003
???
91.3%
2003
???
91.3%
1993
???
88.8%
1997
???
88.8%
2004
???
88.3%
1989
???
87.9%
1992
???
87.4%
1991
???
86.9%
1994
???
86.9%
1998
???
86.9%
2000
???
86.9%
2005
???
86.9%
2012
???
86.4%
2013
???
85.9%
2011
???
85.4%
2014
???
83.5%
2014
???
82%
1993
???
81.1%
2001
???
80.6%
1997
???
80.1%
2015
???
80.1%
1994
???
79.6%
1999
???
79.6%
2003
???
79.6%
2000
???
79.1%
1995
???
78.6%
2014
???
78.6%
2015
???
77.7%
2000
???
77.2%
2000
???
75.7%
2015
???
75.2%
2013
???
72.8%
1998
???
72.3%
2009
???
71.4%
1997
???
70.4%
2002
???
69.9%
2013
???
69.4%
1997
???
68.9%
2004
???
68.9%
2006
???
68.4%
2003
???
67%
2007
???
67%
2015
???
67%
1990
???
65.5%
2005
???
65.5%
1992
???
65%
2010
???
65%
YEAR
PLAYER
% Correct
2006
???
64.1%
2006
???
64.1%
2015
???
63.1%
1992
???
62.6%
2011
???
62.6%
2013
???
62.6%
1990
???
61.7%
1996
???
61.2%
2015
???
61.2%
2015
???
61.2%
1994
???
60.7%
1989
???
60.2%
2006
???
60.2%
2000
???
59.2%
2005
???
59.2%
2007
???
59.2%
2007
???
59.2%
2014
???
59.2%
2014
???
59.2%
1998
???
58.7%
2011
???
58.7%
2014
???
58.3%
2012
???
57.3%
2001
???
56.8%
1990
???
56.3%
1990
???
55.8%
2000
???
55.8%
2005
???
55.8%
1998
???
55.3%
2010
???
55.3%
2013
???
55.3%
2015
???
55.3%
2007
???
54.9%
2010
???
54.9%
2013
???
54.9%
1992
???
54.4%
2004
???
54.4%
2001
???
53.9%
1995
???
53.4%
2001
???
53.4%
1992
???
52.9%
2004
???
52.9%
1995
???
52.4%
1991
???
51%
1995
???
50.5%
2005
???
50.5%
1998
???
49.5%
2013
???
49%
1989
???
48.5%
2000
???
48.5%
2006
???
48.5%
2005
???
48.1%
2001
???
47.6%
2013
???
47.6%
1989
???
47.1%
YEAR
PLAYER
% Correct
1996
???
47.1%
2006
???
46.6%
1995
???
46.1%
1995
???
45.6%
1998
???
45.6%
1990
???
45.1%
2001
???
45.1%
2008
???
45.1%
2001
???
44.7%
1990
???
43.7%
2001
???
43.7%
1994
???
42.7%
1995
???
42.7%
2002
???
42.7%
1994
???
41.7%
1995
???
41.7%
1990
???
41.3%
2005
???
41.3%
1993
???
40.8%
1991
???
40.3%
2008
???
40.3%
1989
???
39.8%
1997
???
39.8%
1993
???
39.3%
1995
???
39.3%
2007
???
38.8%
2012
???
37.9%
2004
???
36.9%
2013
???
36.9%
1993
???
36.4%
2005
???
36.4%
2008
???
36.4%
1995
???
35.9%
1991
???
35.4%
1994
???
35.4%
1999
???
35.4%
1999
???
35.4%
2005
???
35.4%
1996
???
35%
2013
???
35%
1996
???
34.5%
2006
???
34.5%
1998
???
33%
2001
???
32.5%
1993
???
32.2%
1991
???
32%
2003
???
31.6%
1997
???
30.6%
2012
???
30.6%
1992
???
30.1%
2003
???
30.1%
1998
???
29.1%
2006
???
28.2%
1997
???
26.7%
Quiz Playlist
Details
Report
Send in Message
Add To Playlist
Classic:
Type in answers that appear in a list
Wrong Answers:
Some wrong answers will appear in red
Last Updated: Feb 16, 2017
Quiz Scoreboard
CHALLENGE
Sign Up to Join the Scoreboard
Show All
Scores
Hide
Comments
May contain spoilers
Recently Published
Image Sorting: Flags VI
by Barbecue
Geography
2m
Find the 'City' Movie
by crazypaving
Movies
60s
Colored Red Africa Blitz
by spor1
Geography
45s
More to Explore
Quiz From the Vault
Featured Blog Post
14 Easter Pick-up Lines to Find Eggs With
hide this ad
You Might Also Like...
Tags
NFL Quiz
ACC
florida
Florida State
NFL 1st Round Picks
NFL Draft
NFL Player
seminole
Today's Top Quizzes in Sports
Browse Sports
hide this ad
Today's Top Quizzes in NFL
Browse NFL
Top Contributed Quizzes in Sports
1
Les meilleurs buteurs des matchs entre le PSG et l’OM
2
Les entraîneurs de l'OM et du PSG au 21e siècle
3
Les joueurs passés par le PSG et l'OM
4
2022 World Cup Stars
5
Players with Multiple 50 Home Run Seasons
6
Criteria MLB: Left Handed Sluggers
7
MLB Players with Two .350 Batting Average Seasons
8
Les joueurs passés par le LOSC et le RC Lens
9
NBA Logic Puzzle 2.0
10
Top 10 NHL Goal Scorers of All Time
Explore More
Trending Topics
Anime
Crossword
Kpop
Marvel
Harry Potter
NBA
Disney
Soccer
Pokémon
The Office
Song
WWE
Puzzle
NFL
Country
hide this ad
More By:
CamMellor
Quiz
Plays
Rating
Category
Featured
Created
NFL Last Five Different 2+ Receiving TD game, per team
360
5.00
Sports
Mar 8, 2016
2015 NFL Top Yards Leaders (Pass, Rush, Rec)
314
5.00
Sports
Feb 22, 2016
FSU players taken in the NFL Draft since 1964
207
Sports
Feb 25, 2016
Go to Creator's Profile
Score Distribution
Quiz Creator Spotlight
CamMellor
Follow
Send a Message
Quizzes Created
-
Created Quiz Play Count
-
More By This Creator
Popular Quizzes Today
1
Colored Red Africa Blitz
2
Find the US States - No Outlines Minefield
3
Find the 'City' Movie
4
5x2 Blitz: Bands
5
The Countries of the World
6
Find the US States
7
Find the Countries of Europe - No Outlines Minefield
8
US States
More Sports Quizzes
Cycling Brothers I
Quiz Lab
Trending Quizzes
Colored Red Europe Blitz I
Colored Red Europe Blitz II
Colored Red Africa Blitz II
Colored Red Europe Blitz III
Colored Red Africa Blitz III
Recently Updated
How Do You Spell That?
pecheneg
Godzilla Movies
pecheneg
Grab Bag: 4-10 Letters
pecheneg
2024 March Madness Bracket
pecheneg
Famous TV Couples
Peacemaker
Champions League XIs: Real Madrid
pecheneg
Largest US Cities 1790-2010
pecheneg
Rides in Walt Disney World
pecheneg
Most Oscar Losses (Acting)
pecheneg
Beyoncé Albums
pecheneg
Trending Topics
Anime
Crossword
Kpop
NBA
Harry Potter
Marvel
Disney
Country
The Office
WWE
Pokémon
Song
Soccer
Puzzle
NFL
Your Account Isn't Verified!
In order to create a playlist on Sporcle, you need to verify the email address you used during registration. Go to your
Sporcle Settings
to finish the process.
Report this User
Report this user for behavior that violates our
Community Guidelines
.
Details:
Send Report
Go to the Sporcle.com Mobile Site →
Comments